000
00481nam a2200169Ia 4500
008
100917s9999 xx 000 0 und d
082
_b
4804
100
_a
वरखेडकर व. शां.
245
_a
ध्येयाचा ध्यास
260
_b
---
_c
1942
365
_b
1.5
520
_a
नाटक
630
_a
ध्येयाचा ध्यास
650
_a
नाटक
730
_a
ध्येयाचा ध्यास
942
_c
BOOK
999
_c
610198
_d
610195